Statistiken für Alle LaLiga Meister

Klicken Sie hier um das Quiz zu spielen!

Allgemein

  • Dieses Quiz wurde 200 mal gespielt
  • Das Durchschnittsergebnis liegt bei 7 aus 9

Antwortstatistiken

Anzahl der MeistertitelVerein% Korrekt
35Real Madrid
100%
27FC Barcelona
99%
11Atletico Madrid
98%
1FC Sevilla
92%
6FC Valencia
79%
8Athletic Bilbao
71%
1Real Betis Sevilla
64%
2Real Sociedad
64%
1Deportivo la Coruna
46%

Verteilung der Resultate

Perzentil nach korrekt beantworteten Fragen

Anzahl Personen mit jedem Resultat

Ihre Resultats-Entwicklung

Sie haben dieses Quiz noch nicht gespielt